<?xml version="1.0" encoding="UTF-8"?><record xmlns="http://www.loc.gov/MARC21/slim" xmlns:zs="http://docs.oasis-open.org/ns/search-ws/sruResponse">
  <leader>00509cz  a2200157n  4500</leader>
  <controlfield tag="001">n  81097676 </controlfield>
  <controlfield tag="003">DLC</controlfield>
  <controlfield tag="005">20090121080851.0</controlfield>
  <controlfield tag="008">811130n| acannaabn          |a aaa      </controlfield>
  <datafield ind1=" " ind2=" " tag="010">
    <subfield code="a">n  81097676 </subfield>
  </datafield>
  <datafield ind1=" " ind2=" " tag="035">
    <subfield code="a">(OCoLC)oca00642829</subfield>
  </datafield>
  <datafield ind1=" " ind2=" " tag="040">
    <subfield code="a">DLC</subfield>
    <subfield code="b">eng</subfield>
    <subfield code="c">DLC</subfield>
    <subfield code="d">DLC</subfield>
    <subfield code="d">OCoLC</subfield>
  </datafield>
  <datafield ind1="1" ind2=" " tag="100">
    <subfield code="a">Galisson, Robert</subfield>
  </datafield>
  <datafield ind1="1" ind2=" " tag="400">
    <subfield code="a">Galisson, R.</subfield>
    <subfield code="q">(Robert)</subfield>
  </datafield>
  <datafield ind1=" " ind2=" " tag="670">
    <subfield code="a">His L'Apprentissage systématique du vocabulaire, 1970-</subfield>
  </datafield>
  <datafield ind1=" " ind2=" " tag="670">
    <subfield code="a">His D'autres voies pour la didactique des langues étrangères, c1982:</subfield>
    <subfield code="b">t.p. (R. Galisson)</subfield>
  </datafield>
</record>
